Ciencias de la religión en el Perú

Gespeichert in:
Bibliographische Detailangaben
1. Verfasser: Ortmann, Dorothea (autor)
Format: Buch
Sprache:Spanisch
Veröffentlicht: Lima UNMSM 2002
Schriftenreihe:Serie Ciencias Sociales
Schlagworte:
Tags: Tag hinzufügen
Keine Tags, Fügen Sie den ersten Tag hinzu!

MARC

LEADER 00000nam a2200000 a 4500
001 UCL9819
003 CL-VaPUC
008 040827e20020000PE |||||||||||||||||spa|d
020 |a 9972461831 
082 0 4 |a 200.15  |b ORT  |2 21 
100 |a Ortmann, Dorothea  |e autor  |9 487716 
245 1 0 |a Ciencias de la religión en el Perú 
300 |a 146 p 
942 |c BK 
945 |d 20040827 00:00:00  |a cmena 
260 |a Lima  |b UNMSM  |c 2002 
650 0 |a Filosofía de la religión   |9 256017 
650 0 |a Antropología cultural y social   |9 265143 
650 7 |a RELIGIOSIDAD POPULAR  |2 CL-VaPUC  |9 487717 
650 0 |a Investigación científica  |9 259857 
651 0 |a Perú  |9 256567 
583 |a last modification  |c 20040827 00:00:00  |k Rodrigo Vera 
490 0 |a Serie Ciencias Sociales 
999 |c 310462  |d 310460 
952 |0 0  |1 0  |4 0  |6 200_150000000000000_ORT_2002  |7 0  |8 A  |9 378910  |a BIBHIS  |b BIBHIS  |d 2019-11-21  |i 4043774  |o 200.15 ORT 2002  |p 4043774  |r 2025-01-20  |w 2019-11-21  |y BK  |k HIS